Normal view
MARC view
- Umais Qamar, Muhammad
Entry Personal Name
001 - CONTROL NUMBER
- control field: 119692
003 - CONTROL NUMBER IDENTIFIER
- control field: NUST
005 - DATE AND TIME OF LATEST TRANSACTION
- control field: 20231212165133.0
008 - FIXED-LENGTH DATA ELEMENTS
- fixed length control field: 231212|| aca||aabn | a|a d
040 ## - CATALOGING SOURCE
- Original cataloging agency: NUST
- Transcribing agency: NUST
100 ## - HEADING--PERSONAL NAME
- Personal name: Umais Qamar, Muhammad
670 ## - SOURCE DATA FOUND
- Source citation: Work cat.: (NUST): Umais Qamar, Muhammad , Smart Concrete Extruder Design and Prototyping /
